Statistics for Bands That Start With "G"

Click here to take the quiz!

General Stats

  • This quiz has been taken 1,268 times
  • The average score is 5 of 15

Answer Stats

HintAnswer% Correct
Sweet Child Of MineGuns N' Roses
90%
Hollaback GirlGwen Stefani
77%
Somebody I Used To KnowGotye
73%
21 GunsGreen Day
64%
Feel Good Inc.Gorillaz
63%
Friends In Low PlacesGarth Brooks
43%
Land of ConfusionGenesis
39%
AnthemGood Charlotte
19%
Once Bitten Twice ShyGreat White
19%
Twilight ZoneGolden Earring
15%
AwakeGodsmack
7%
SympathyGoo Goo Dolls
7%
Knockin' On Heaven's DoorGeorge Harrison
5%
Country StrongGwyneth Paltrow
5%
Stereo HeartsGym Class Hereos
2%

Score Distribution

Percentile by Number Answered

Percent of People with Each Score

Your Score History

You have not taken this quiz